<?xml version="1.0" encoding="UTF-8"?>
<collection xmlns="http://www.loc.gov/MARC21/slim">
 <record>
  <leader>00624pamaa2200205   4500</leader>
  <controlfield tag="001">0000049081</controlfield>
  <controlfield tag="005">20110527090000.0</controlfield>
  <controlfield tag="008">110525</controlfield>
  <datafield tag="020" ind1="0" ind2="0">
   <subfield code="a">9780470561577 (pbk.) </subfield>
  </datafield>
  <datafield tag="090" ind1="0" ind2="0">
   <subfield code="a">QA184.2 </subfield>
   <subfield code="b">ANT 2011</subfield>
  </datafield>
  <datafield tag="100" ind1="1" ind2="0">
   <subfield code="a">Anton </subfield>
  </datafield>
  <datafield tag="245" ind1="1" ind2="0">
   <subfield code="a">Elementary linear algebra : </subfield>
   <subfield code="b">with supplemental applications  </subfield>
   <subfield code="c">Howard Anton and Chris Rorres.</subfield>
  </datafield>
  <datafield tag="250" ind1="0" ind2="0">
   <subfield code="a">10th ed.</subfield>
  </datafield>
  <datafield tag="260" ind1="0" ind2="0">
   <subfield code="a">Hoboken, NJ: </subfield>
   <subfield code="b">John Wiley &amp; Sons, </subfield>
   <subfield code="c">2011.</subfield>
  </datafield>
  <datafield tag="300" ind1=" " ind2=" ">
   <subfield code="a">xiv, 777p.: </subfield>
   <subfield code="b">ill.; </subfield>
   <subfield code="c">24cm..</subfield>
  </datafield>
  <datafield tag="501" ind1="0" ind2="0">
   <subfield code="a">AUP</subfield>
  </datafield>
  <datafield tag="504" ind1="0" ind2="0">
   <subfield code="a">Includes bibliography and index</subfield>
  </datafield>
  <datafield tag="650" ind1="0" ind2="0">
   <subfield code="a">Algebras -- </subfield>
   <subfield code="x">Linear </subfield>
  </datafield>
  <datafield tag="700" ind1="1" ind2="1">
   <subfield code="a">Rorres, </subfield>
   <subfield code="h">Chris </subfield>
  </datafield>
  <datafield tag="901" ind1=" " ind2=" ">
   <subfield code="u">http://www.wiley.com/go/global/anton</subfield>
  </datafield>
 </record>
</collection>
